Furči hrozí nútená správa, poslanci si ale navrhli odmeny Na včerajšom mimoriadnom zasadnutí miestneho zastupiteľstva schválili úpravu rozpočtu na rok 2003

Bibliographic Details
Main Author: Soták, Ladislav, 1918-2005 (Author)
Format: Article
Language:Slovak
PhysicalDescription:2 foto
Subjects:

MARC

LEADER 00000nab a2200000 a 4500
001 vtls000930847
003 SK-MaSNL
005 20260303034911.0
008 040720e20031128xo 0 slo
035 |a KE39724 
040 |a KEVKJB  |b slo  |c KEVKJB  |e AACR2 
041 0 |a slo 
044 |a xo  |c SK 
080 |a 352.075.1  |2 1981 
100 1 |a Soták, Ladislav,  |d 1918-2005  |4 aut  |9 192531 
245 1 0 |a Furči hrozí nútená správa, poslanci si ale navrhli odmeny  |b Na včerajšom mimoriadnom zasadnutí miestneho zastupiteľstva schválili úpravu rozpočtu na rok 2003 
300 |b 2 foto 
650 0 7 |a zastupiteľstvá miestne  |2 KEVKJB  |9 873837 
650 0 7 |a rozpočet mestskej časti  |2 KEVKJB  |9 878984 
650 0 7 |a odmeny poslancom  |2 KEVKJB  |9 1020936 
651 7 |a Dargovských hrdinov (Košice III, Slovensko)  |2 KEVKJB  |9 29903 
651 7 |a Košice (Slovensko)  |2 KEVKJB  |9 18694 
651 7 |a KE,  |2 KEVKJB  |9 877256 
655 7 |a periodikum  |2 snkbucl  |9 29553 
773 0 8 |t Košický večer  |g Roč. 14  |g Roč. 35, č.228, 28.11.2003, s. 3 
852 |a ZVYKNI  |b KIS3GCP 
999 |c 1675267  |d 1677197